Biologie - Energie de la vie - Statistiques

Statistiques générales
  • Ce quiz a été pris 44 fois
  • Le résultat moyen est 6 sur 12
Statistiques - réponses
Question Réponse % Correct
La réaction ATP + H2O = ADP + Pi + nrj est appelée hydrolyse de l'ATP Vrai
90%
l'activité enzymatique est affectée par la température et le pH
80%
La coopérativité est une forme de régulation allostérique amplifiant l'activité enzymatique
70%
Le substrat est le réactif sur lequel agit l'enzyme
70%
La régulation allostérique stimule ou inhibe l'activité d'une enzyme Vrai
70%
Le métabolisme est l'ensemble des réactions chimiques d'1 organisme
60%
Un inhibiteur stabilisant la forme inactive de l'enzyme est appelée apoenzyme
50%
L'inhibition rétroactive n'empêche pas une cellule de gaspiller des ressources chimiques en synthétisant plus de produit que nécéssaire. Faux
40%
Un activateur stabilisant la forme active de l'enzyme est appelée holoenzyme
40%
Les coenzymes inclus les vitamines
30%
l'ATP contient du ribose
10%
L'hydrolyse de l'ATP modifie la forme et les capacités de liaison des prots
10%
Aucun quiz correspondant
Distribution des résultats
% des personnes avec chaque résultat
Percentile par nombre de réponses
Votre historique - résultats
Vous n’avez pas pris ce quiz